000 01576nam a22003137a 4500
005 20090106115834.0
008 090106t xxu||||| |||| 00| 0 urd d
010 _aB-283777-781 , UR-7528
020 _a8182233291
_c130.00
035 _aB-283777-781
035 _aU-6083
037 _bPUB
040 _adpl
_burd
082 _aن
100 _aعبدالستار
245 _aدارا شکوہ
_cعبدالستار
246 _aDara Shikoh
_bby Abdul Sattar
260 _c2008
_aدہلی
_bایجوکیشنل پبلشنگ ہاوس
300 _a154 p.
_b22 cm. (Hb)
650 _bUrdu Novel
650 _bبردو ناول
942 _2ddc
_cUR
_hن
_mع ب د
999 _c20639
_d20639